000 00228nam a22000857a 4500
008 160905b xxu||||| |||| 00| 0 eng d
100 _9289
_aUpadhyay S
245 _aMathematics-IX
_bTerm-I
260 _aNew Delhi
_bS.K.K publication
_c2012
999 _c2948
_d2948